| 000 | 00000nam 2200000za 4500 |
| 001 | 9.818174 |
| 003 | CaOODSP |
| 005 | 20221107142644 |
| 007 | cr ||||||||||| |
| 008 | 160928s2016 xxc|||||o f00| 0 fre d |
| 020 | |a978-0-660-05488-9 |
| 040 | |aCaOODSP|bfre |
| 043 | |an-cn--- |
| 086 | 1 |aIu90-4/43-2016F-PDF |
| 245 | 04|aLes capacités industrielles clés au Québec |h[ressource électronique] : |baérospatiale. |
| 260 | |a[Montréal] : |bDéveloppement économique Canada pour les régions du Québec, |c2016. |
| 300 | |a1 p. |
| 500 | |aPublié aussi en anglais sous le titre : Key industrial capabilities in Quebec: aerospace. |
| 692 | 07|2gccst|aIndustrie de l'aérospatiale |
| 710 | 2 |aDéveloppement économique Canada pour les régions du Québec. |
| 775 | 08|tKey industrial capabilities in Quebec |w(CaOODSP)9.818172 |
| 776 | 0#|tLes capacités industrielles clés au Québec : |w(CaOODSP)9.818177 |
| 856 | 40|qPDF|s1.36 Mo|uhttps://publications.gc.ca/collections/collection_2016/dec-ced/Iu90-4-43-2016-fra.pdf |